000 00497nam a2200181Ia 4500
005 20250508151146.0
008 008 250505s9999 xx 000 0 eng d
037 _aTextual
040 _aFEDL
_beng
_cFEDL
041 _aeng
_2eng
084 _a912, SIN
_qFEDL
100 _aRaghunandan Singh
_9232206
245 0 _aMap-work and practical geography
260 _aAllahabad, India
_bCentral Book Depot
300 _a237p.
942 _cTEXL
_h912, SIN
999 _c1327960
_d1327960